000 01608nam0a2200349 4500
001 RU\NLR\bibl\1826263
005 20260408051124.0
010 _a978-5-904508-12-8
021 _aRU
_b2011-2081и
_9282и
035 _a(NLR Aleph) 001816787
090 _a1949350
_c1949350
100 _a20111028d2011 |||y0rusy50 ca
101 0 _arus
_aeng
102 _aRU
105 _aa |||||||||
200 1 _aИгорь Пальмин. Past Perfect
_dIgor Palmin. Past Perfect
_e[каталог выставки, 21 июня - 11 сентября 2011
_fавт.-сост.: Фаина Балаховская и др.
_gавт. ст.: Фаина Балаховская]
_zeng
210 _aМосква
_cАрт-Волхонка
_d2011
215 _a433, [6] с.
_cил., портр.
_d26
300 _aТекст парал. на рус. и англ. яз.
510 1 _aIgor Palmin. Past Perfect
_zeng
600 1 _aПальмин
_bИ.А.
_f1933
_gИгорь Анатольевич
_jКаталоги
_xВыставки
_yМосква, город
_z2011
_92095239
_3RU\NLR\auth\661571322
686 _aЩ163(2Р=Рус)7-8Пальмин л62
702 1 _4220
_7ca
_8rus
_aБалаховская
_bФ. М.
_f1960-
_gФаина Матвеевна
_9190210
_3RU\NLR\AUTH\770190261
702 1 _aПальмин
_bИ.
_gИгорь
_4570
711 1 2 _a"Игорь Пальмин. Past Perfect", выставка
_f2011
_eМосква
_7ba
_7ca
_3RU\NLR\AUTH\8810196624
_9282337
801 0 _aRU
_bNLR
_c20111028
_gRCR
801 1 _aRU
_bNLR
_c20111028
942 _cBOOK
980 _aNB
980 _aNBR